00944nam a22002175i 4500001000700000003000900007005001700016008004100033080003300074080003200107245016100139260005400300300003000354500011900384504003200503600004800535600004700583655004000630710003300670852002300703168601ES-MaACL20231226152602.0080423s1987 sp |||| | spa d a929 Machado, Antonio (064.3) a929 Machado, Manuel (064.3)04aLos Machado y su tiempo b: exposición itinerante : Sevilla, Madrid, Baeza, Segovia... 1987 / corganizada por la Fundación Española Antonio Machado. a[Madrid] : bFundación Antonio Machado, c1987. a182 p. : bil. ; c30 cm. aLas 2 h. son reprod. de los poemas originales mss. "Pandereta sevillana" y "Cantares" de Manuel y Antonio Machado. aBibliografía: p. 165-167.14aMachado, Antonio,d1875-1939-vExposiciones14aMachado, Manuel,d1874-1947-vExposiciones 72tgfbneaCatálogos de exposiciones2 aFundación Antonio Machado. aES-MaACLjL-11365